| 000 | 01073pam a2200289 a 4500 | ||
|---|---|---|---|
| 001 | 3998055 | ||
| 005 | 20161008095030.0 | ||
| 008 | 960506s1997 cauab b 001 0 eng | ||
| 010 | _a 96021880 | ||
| 020 | _a1559346841 | ||
| 040 |
_aDLC _cDLC _dDLC |
||
| 050 | 0 | 0 |
_aGN60.F43 1997 _b.F43 1997 |
| 082 | 0 | 0 | _220 |
| 100 | 1 | _aFeder, Kenneth L. | |
| 245 | 1 | 0 |
_aHuman antiquity : _ban introduction to physical anthropology and archaeology / _cKenneth L. Feder, Michael Alan Park. |
| 250 | _a3rd ed. | ||
| 260 |
_aMountain Valley, Calif. : _bMayfield Pub. Co., _cc1997. |
||
| 300 |
_axv, 535 p. : _bill. (some col.), col. maps ; _c24 cm. |
||
| 504 | _aIncludes bibliographical references (p. 509-526) and index. | ||
| 650 | 0 | _aPhysical anthropology. | |
| 650 | 0 | _aArchaeology. | |
| 650 | 0 | _aPrehistoric peoples. | |
| 700 | 1 | _aPark, Michael Alan. | |
| 906 |
_a7 _bcbc _corignew _d1 _eocip _f19 _gy-gencatlg |
||
| 942 |
_2lcc _cBOOKS _hGN60.F43 1997 |
||
| 999 |
_c14769 _d14769 |
||